Dynamic ethiciency and path dependencies in ventur (Record no. 513782)

MARC details
000 -LEADER
fixed length control field 00702nam a2200253Ia 4500
003 - CONTROL NUMBER IDENTIFIER
control field OSt
005 - DATE AND TIME OF LATEST TRANSACTION
control field 20220925190226.0
008 - FIXED-LENGTH DATA ELEMENTS--GENERAL INFORMATION
fixed length control field 220923b |||||||| |||| 00| 0 ger d
020 ## - INTERNATIONAL STANDARD BOOK NUMBER
International Standard Book Number 0540407103
037 ## - SOURCE OF ACQUISITION
Terms of availability General Book
040 ## - CATALOGING SOURCE
Original cataloging agency RTL
Transcribing agency RTL
Language of cataloging ger
041 ## - LANGUAGE CODE
Source of code ger
Language code of text/sound track or separate title ger
100 ## - MAIN ENTRY--PERSONAL NAME
Personal name Schertler Andrea
9 (RLIN) 237772
245 #0 - TITLE STATEMENT
Title Dynamic ethiciency and path dependencies in ventur
260 ## - PUBLICATION, DISTRIBUTION, ETC.
Place of publication, distribution, etc. Beralin
Name of publisher, distributor, etc. Springer Verlag
Date of publication, distribution, etc. 2003
300 ## - PHYSICAL DESCRIPTION
Extent xvii,190p Bib p 177-188
Dimensions cm.
490 ## - SERIES STATEMENT
Series statement Kiclcr Studics
650 ## - SUBJECT ADDED ENTRY--TOPICAL TERM
Topical term or geographic name entry element Savings Bank
942 ## - ADDED ENTRY ELEMENTS (KOHA)
Classification part X64, P3
Koha item type General Books
Source of classification or shelving scheme Colon Classification (CC)

No items available.

Copyright @ Delhi University Library System